<?xml version="1.0" encoding="UTF-8"?>
<record
    xmlns:xsi="http://www.w3.org/2001/XMLSchema-instance"
    xsi:schemaLocation="http://www.loc.gov/MARC21/slim http://www.loc.gov/standards/marcxml/schema/MARC21slim.xsd"
    xmlns="http://www.loc.gov/MARC21/slim">

  <leader>03001nam a2200325 a 4500</leader>
  <controlfield tag="003">OSt</controlfield>
  <controlfield tag="005">20240927135338.0</controlfield>
  <controlfield tag="007">cr ||||||a|c|a</controlfield>
  <controlfield tag="008">240626s2021    mx a|||fom||| 001 0 spa d</controlfield>
  <datafield tag="040" ind1=" " ind2=" ">
    <subfield code="e">rda</subfield>
  </datafield>
  <datafield tag="100" ind1="1" ind2=" ">
    <subfield code="9">185958</subfield>
    <subfield code="a">Marroqu&#xED;n Verdugo, Jes&#xFA;s Antonio</subfield>
  </datafield>
  <datafield tag="245" ind1="1" ind2="0">
    <subfield code="a">Evaluaci&#xF3;n de insecticidas para el control de grana o cochinilla (Dactylopius opuntiae (cockerell)) en el cultivo de nopalverdura (Opuntia Ficus-Indica) /</subfield>
    <subfield code="c">por Jes&#xFA;s Antonio Marroqu&#xED;n Verdugo; director de tesis Oscar Esquivel Arriaga; secretario Ordaz silva Salvador; vocal Hern&#xE1;ndez Bautista Cristobal; suplente Andr&#xE9;s R&#xED;os Romero; suplente Gabriel Garc&#xED;a Romero.</subfield>
  </datafield>
  <datafield tag="264" ind1=" " ind2="1">
    <subfield code="a">Bermejillo, Durango :</subfield>
    <subfield code="b">El autor,</subfield>
    <subfield code="c">2021.</subfield>
  </datafield>
  <datafield tag="300" ind1=" " ind2=" ">
    <subfield code="a">1 recurso en l&#xED;nea (76 p&#xE1;ginas):</subfield>
    <subfield code="b">cuadros, figuras.</subfield>
  </datafield>
  <datafield tag="336" ind1=" " ind2=" ">
    <subfield code="2">rdacontent</subfield>
    <subfield code="a">texto</subfield>
    <subfield code="b">txt</subfield>
  </datafield>
  <datafield tag="337" ind1=" " ind2=" ">
    <subfield code="2">rdamedia</subfield>
    <subfield code="a">computadora</subfield>
    <subfield code="b">c</subfield>
  </datafield>
  <datafield tag="338" ind1=" " ind2=" ">
    <subfield code="2">rdacarrier</subfield>
    <subfield code="a">recurso en l&#xED;nea</subfield>
    <subfield code="b">cr</subfield>
  </datafield>
  <datafield tag="502" ind1=" " ind2=" ">
    <subfield code="b">ISAg</subfield>
    <subfield code="c">URUZA</subfield>
    <subfield code="d">2021.</subfield>
    <subfield code="g">LIC</subfield>
  </datafield>
  <datafield tag="504" ind1=" " ind2=" ">
    <subfield code="a">Incluye referencias bibliogr&#xE1;ficas: p&#xE1;ginas 56-65.</subfield>
  </datafield>
  <datafield tag="520" ind1=" " ind2=" ">
    <subfield code="a">El nopal verdura (Opuntia ficus-indica) es un cultivo de suma importancia para el municipio de San Quint&#xED;n, obteniendo un rendimiento de 48 toneladas por hect&#xE1;rea en promedio para el 2019, sin embargo, la mayor&#xED;a de estos cultivos son explotados bajo una log&#xED;stica de agricultura convencional, la cual ha generado impactos negativos en el ambiente debido al uso de insecticidas. Dactylopius opuntiae es una de las plagas que m&#xE1;s afectan la producci&#xF3;n de nopal verdura, afect&#xE1;ndola hasta en un 50 %, siendo el control qu&#xED;mico el m&#xE1;s utilizado por los productores del municipio, aunque el control con insecticidas de origen bot&#xE1;nico puede ser una alternativa. El objetivo de esta investigaci&#xF3;n fue evaluar la efectividad de tres agroqu&#xED;micos, dos de ellos utilizados regularmente en la regi&#xF3;n y uno de origen bot&#xE1;nico. Se estableci&#xF3; un dise&#xF1;o completamente al azar con los tres tratamientos, un testigo y tres repeticiones en un cultivar de nopal verdura en el Rancho Paniagua, bas&#xE1;ndonos con la tabla de infestaci&#xF3;n de Mora-Aguilera et al., 2000, obteniendo los niveles de infestaci&#xF3;n iniciales y finales desde la primera hasta la tercera aplicaci&#xF3;n. Los datos fueron analizados con el programa SAS&#xAE;, encontr&#xE1;ndose diferencias significativas (P&lt;0.05) entre los tratamientos de origen bot&#xE1;nico y los de origen convencional, sobresaliendo el tratamiento de origen bot&#xE1;nico.</subfield>
  </datafield>
  <datafield tag="650" ind1=" " ind2="4">
    <subfield code="9">129744</subfield>
    <subfield code="a">Cochinilla del nopal</subfield>
    <subfield code="x">Control</subfield>
  </datafield>
  <datafield tag="650" ind1=" " ind2="4">
    <subfield code="9">140295</subfield>
    <subfield code="a">Insecticidas </subfield>
    <subfield code="x"> An&#xE1;lisis</subfield>
  </datafield>
  <datafield tag="700" ind1="1" ind2=" ">
    <subfield code="9">38149</subfield>
    <subfield code="a">Esquivel Arriaga, Oscar</subfield>
    <subfield code="e">Director de tesis.</subfield>
  </datafield>
  <datafield tag="700" ind1="1" ind2=" ">
    <subfield code="9">189273</subfield>
    <subfield code="a">Ordaz Silva, Salvador</subfield>
    <subfield code="e">Secretario.</subfield>
  </datafield>
  <datafield tag="700" ind1="1" ind2=" ">
    <subfield code="9">53842</subfield>
    <subfield code="a">Hern&#xE1;ndez Bautista, Crist&#xF3;bal</subfield>
    <subfield code="e">Vocal.</subfield>
  </datafield>
  <datafield tag="700" ind1="1" ind2=" ">
    <subfield code="9">187265</subfield>
    <subfield code="a">R&#xED;os Romero, Andr&#xE9;s</subfield>
    <subfield code="e">Suplente.</subfield>
  </datafield>
  <datafield tag="700" ind1="1" ind2=" ">
    <subfield code="9">188865</subfield>
    <subfield code="a">Garc&#xED;a Herrera, Gabriel</subfield>
    <subfield code="e">Suplente.</subfield>
  </datafield>
  <datafield tag="856" ind1=" " ind2=" ">
    <subfield code="u">http://10.13.5.2/tesis/tl/2021_ZA_Marroquin_Verdugo_JesusAntonio.PDF</subfield>
    <subfield code="z">DESCARGAR PDF</subfield>
  </datafield>
  <datafield tag="942" ind1=" " ind2=" ">
    <subfield code="2">Clasificaci&#xF3;n Universidad Aut&#xF3;noma Chapingo</subfield>
    <subfield code="c">TD</subfield>
  </datafield>
  <datafield tag="999" ind1=" " ind2=" ">
    <subfield code="c">220025</subfield>
    <subfield code="d">220025</subfield>
  </datafield>
  <datafield tag="952" ind1=" " ind2=" ">
    <subfield code="0">0</subfield>
    <subfield code="1">0</subfield>
    <subfield code="2">local</subfield>
    <subfield code="4">0</subfield>
    <subfield code="5">1</subfield>
    <subfield code="7">0</subfield>
    <subfield code="8">TesDigL</subfield>
    <subfield code="a">BD</subfield>
    <subfield code="b">BD</subfield>
    <subfield code="c">E_L</subfield>
    <subfield code="d">2024-06-26</subfield>
    <subfield code="l">0</subfield>
    <subfield code="o">Tesis digital</subfield>
    <subfield code="r">2024-06-26 00:00:00</subfield>
    <subfield code="w">2024-06-26</subfield>
    <subfield code="y">TD</subfield>
  </datafield>
</record>
